Derrière les choses : creació col·lectiva creació col·lectiva
Descripción Física:
1 targeta postal : il·lustracions ; 15 x 11 cm
Colección:
Teatre - Factoria IT
; 17/18
Idioma:
Catalán
MARC
| LEADER | 00000nkm a2200000 a 4500 | ||
|---|---|---|---|
| 001 | 26185 | ||
| 003 | Arxiu | ||
| 005 | 20260324181128.0 | ||
| 008 | 220707b spa||||| |||| 00| 0 cat d | ||
| 017 | |a DL B 28734-2017 | ||
| 080 | |a NBM-14-28 | ||
| 245 | 0 | 0 | |a Derrière les choses : |b creació col·lectiva |
| 260 | |a Barcelona : |b Diputació de Barcelona. Institut del Teatre, |c 2017 | ||
| 300 | |a 1 targeta postal : |b il·lustracions ; |c 15 x 11 cm | ||
| 490 | |a Teatre - Factoria IT ; |v 17/18 | ||
| 650 | 0 | |9 21513 |a Teatre |x Barcelona (Catalunya) |2 Arxiu | |
| 655 | 0 | |a Targetes postals |9 52685 | |
| 710 | 1 | |a Institut del Teatre (Barcelona, Catalunya) |9 52662 | |
| 942 | |2 udc |n 1 |c ARXIU | ||
| 952 | |0 0 |1 0 |4 0 |6 NBM1428 |7 1 |9 62698 |a Arxiu |b Arxiu |d 2022-07-07 |l 0 |o NBM-14-28 |p 26185 |r 2022-07-07 00:00:00 |w 2022-07-07 |y ARXIU | ||
| 999 | |c 82228 |d 82228 | ||